<?xml version="1.0" encoding="UTF-8"?>
<collection xmlns="http://www.loc.gov/MARC21/slim">
 <record>
  <leader>00502pamaa2200157   4500</leader>
  <controlfield tag="001">0000036212</controlfield>
  <controlfield tag="005">20100429090000.0</controlfield>
  <datafield tag="020" ind1="0" ind2="0">
   <subfield code="a">047143020X (pbk) </subfield>
  </datafield>
  <datafield tag="082" ind1=" " ind2=" ">
   <subfield code="a">005.14 HUT</subfield>
  </datafield>
  <datafield tag="090" ind1="0" ind2="0">
   <subfield code="a">QA76.76.T48 </subfield>
   <subfield code="b">HUT 2003</subfield>
  </datafield>
  <datafield tag="100" ind1="1" ind2="0">
   <subfield code="a">Hutcheson </subfield>
  </datafield>
  <datafield tag="245" ind1="1" ind2="0">
   <subfield code="a">SOFTWARE testing fundamentals : </subfield>
   <subfield code="b">methods and metrics  </subfield>
   <subfield code="c">Marnie L. Hutcheson.</subfield>
  </datafield>
  <datafield tag="260" ind1="0" ind2="0">
   <subfield code="a">Indianapolis: </subfield>
   <subfield code="b">Wiley Pub., </subfield>
   <subfield code="c">2003.</subfield>
  </datafield>
  <datafield tag="300" ind1=" " ind2=" ">
   <subfield code="a">xxiii, 408 p.: </subfield>
   <subfield code="b">ill.; </subfield>
   <subfield code="c">24 cm.</subfield>
  </datafield>
  <datafield tag="650" ind1="0" ind2="0">
   <subfield code="a">Computer software -- Testing </subfield>
  </datafield>
  <datafield tag="901" ind1=" " ind2=" ">
   <subfield code="u">http://www.wiley.com/compbooks/hutcheson</subfield>
  </datafield>
 </record>
</collection>
